| 000 | 00943nam a22002657a 4500 | ||
|---|---|---|---|
| 001 | 9544 | ||
| 003 | FISKH | ||
| 005 | 20260121090620.0 | ||
| 008 | 260121b cb ||||| |||| 00| 0 eng d | ||
| 020 | _a9788956354965 | ||
| 040 |
_aFISKH _beng _cFISKH _dFISKH |
||
| 082 | _a398.2 | ||
| 100 | _aSormark , Julie | ||
| 245 |
_aThe great big turnip / _cRetold by Julie Sormrk : through the Art Style of Paul Gauguin |
||
| 260 |
_aSeoul : _be-futrue , _c2010 . |
||
| 300 |
_a35 pages : _bcolor illustrations ; _c23 cm . |
||
| 490 |
_aArt Classic Stories _v#1 |
||
| 505 | _aK | ||
| 520 | _aAn old man grows a giant turnip but cannot pull it out by himself. One by one, others come to help, and together they succeed. The story teaches the importance of teamwork and cooperation. | ||
| 521 | 8 |
_a510
_bLexile estimate |
|
| 521 | 8 |
_aK
_bRaz-Plus |
|
| 700 |
_aYoo , Haemi _eIllustrator |
||
| 942 |
_2ddc _cBK _n0 |
||
| 999 |
_c9544 _d9544 |
||